| 000 | 00899nab a2200265 uc4500 | ||
|---|---|---|---|
| 001 | 735949 | ||
| 005 | 20240201170358.0 | ||
| 008 | 020509s2000 spa | ||
| 035 | _a735949 | ||
| 035 | _a(OCoLC)819943713 | ||
| 040 | _ccomduadb | ||
| 041 | _aspa | ||
| 100 | 1 | 0 |
_aTenti Fanfani, Emilio _4aut _eaut _9281905 |
| 245 | 1 | 0 | _aCulturas juveniles y cultura escolar |
| 650 |
_aCulturas juveniles _998006 |
||
| 650 |
_aCultura escolar _9100501 |
||
| 650 |
_aJuventud y educación _918354 |
||
| 650 |
_aJuventud - Colombia - Historia _93054 |
||
| 650 |
_aEscolarización _935120 |
||
| 650 |
_aJuventud y cultura _919528 |
||
| 650 | 7 |
_aRelaciones intergeneracionales _2lemb _921289 |
|
| 650 |
_aAdolescencia y educación _969715 |
||
| 773 | 0 |
_tRevista Colombiana de Educación (Bogotá) _gNúmero 40-41, Enero-Diciembre 2000, p. 61-74 _w121857 _x0120-3916 _068221 |
|
| 942 | _cARIMP | ||
| 999 |
_c239796 _d239796 |
||